00436 2200157 4500001002100000008004100021035002000062245004100082100002500123260003800148300002000186082001200206650003400218990001300252990001300265INLIS000000000000390 ind  a0010-0322000390 aAKU BANGGA MENJADI ANGGOTA MPRcIKHA aASROFUFIN NUR WIDODO aJAKARTAbARMANDELTA SELARASc2010 a86 hlm.c25 cm. a297.622 aPOLITIK - SISTEM PEMERINTAHAN a102577-1 a102577-2